Statistics for Former Soviet Nations by First and Last Letters

Click here to take the quiz!

General Stats

  • This quiz has been taken 19 times
  • The average score is 11 of 12

Answer Stats

HintAnswer% Correct
BSBelarus
100%
EAEstonia
100%
KNKazakhstan/Kyrgyzstan
100%
LALatvia/Lithuania
100%
UEUkraine
100%
AAArmenia
94%
GAGeorgia
94%
TNTurkmenistan/Tajikistan
94%
ANAzerbaijan
89%
MAMoldova
83%
RARussia
83%
UNUzbekistan
50%

Score Distribution

Percentile by Number Answered

Percent of People with Each Score

Your Score History

You have not taken this quiz